000 00319nas a22001337a 4500
001 T027600012160-00
008 190830b xxu||||| |||| 00| 0 esp |
040 _aFEVP
_cFEVP
245 _aVisión: la revista Latinoamericana
260 _c19980131
300 _a40
650 _aIntegración--América Latina
942 _cREV
999 _c17033
_d17033